| 000 | 00714cam a22002531 4500 | ||
|---|---|---|---|
| 001 | 9580 | ||
| 003 | BD-RjUL | ||
| 005 | 20211208234812.0 | ||
| 008 | 140121s1959 xx 000 0 eng d | ||
| 035 | _a(BD-RjUL)9625 | ||
| 035 | _a(OCoLC)1155607 | ||
| 040 |
_aDLC _cMeB _dUk _dDLC _d(BD-RjUL) _beng |
||
| 041 | _aeng | ||
| 082 | 0 | 0 |
_a541.345 _bMYI |
| 100 | 1 |
_aMysels, Karol J., _d1948- _929674 |
|
| 245 | 1 | 0 |
_aIntroduction to colloid chemistry / _cKarol J. Mysels |
| 260 |
_aNew York : _bInterscience Publishers, _c1959. |
||
| 300 |
_axv, 475 p. : _billus. ; _c24 cm. |
||
| 504 | _aIncludes bibliographies. | ||
| 650 | 0 |
_aColloids _929529 |
|
| 740 | 0 | _aColloid chemistry | |
| 942 |
_2ddc _cBK |
||
| 999 |
_c9580 _d9580 |
||